Films d'animation Ghibli en images - Statistiques

Statistiques générales
  • Ce quiz a été pris 359 fois
  • Le résultat moyen est 16 sur 24
Statistiques - réponses
Par images Hint Réponse % Correct
1988 Mon voisin Totoro
98%
1989 Kiki la petite sorcière
90%
2001 Le Voyage de Chihiro
90%
1992 Porco Rosso
90%
2004 Le Château ambulant
89%
1997 Princesse Mononoké
89%
1988 Le Tombeau des lucioles
85%
1986 Le Château dans le ciel
84%
2023 Le Garçon et le Héron
82%
2008 Ponyo sur la falaise
77%
2010 Arrietty, le petit monde des chapardeurs
70%
2002 Le Royaume des chats
68%
2013 Le vent se lève
67%
1994 Pompoko
63%
2011 La Colline aux coquelicots
62%
2013 Le Conte de la princesse Kaguya
62%
2014 Souvenirs de Marnie
55%
2016 La Tortue rouge
54%
1999 Mes voisins les Yamada
53%
1995 Si tu tends l'oreille
47%
2006 Les Contes de Terremer
45%
1993 Je peux entendre l'océan
32%
1991 Souvenirs goutte à goutte
31%
2020 Aya et la Sorcière
26%
Aucun quiz correspondant
Distribution des résultats
% des personnes avec chaque résultat
Percentile par nombre de réponses
Votre historique - résultats
Vous n’avez pas pris ce quiz